| 000 | 00000nas##2200000za#4500 |
|---|---|
| 001 | 9.509742 |
| 003 | CaOODSP |
| 005 | 20200325104530 |
| 007 | ta |
| 008 | 150406c2002||||xxc|| m #||||f| |0eng|d |
| 040 | |aCaOODSP|beng |
| 041 | |aeng |
| 041 | |afre |
| 043 | |an-cn--- |
| 086 | 1 |aYX3-2002 |
| 110 | 1 |aCanada.|bStatutes. |
| 245 | 10|aActs of the Parliament of Canada, 2002 |
| 260 | |aOttawa - Ontario : |bStatutes |
| 500 | |aShort title: Statutes of Canada. |
| 546 | |aBilingual |
| 792 | |tLois du Parlement du Canada, 2002 |efre|w(CaOODSP)9.509743 |